| 000 | 00525nam a2200193Ia 4500 | ||
|---|---|---|---|
| 005 | 20250508165101.0 | ||
| 008 | 008 250505s9999 xx 000 0 eng d | ||
| 020 | _a0-19-563362-8 | ||
| 037 | _aTextual | ||
| 040 |
_aFEDL _beng _cFEDL |
||
| 041 |
_aeng _2eng |
||
| 084 |
_a954, HIS _qFEDL |
||
| 245 | 0 | _aHistory of India. 2 Vols | |
| 260 |
_aNew Delhi, India _bPenguin Books India (P) Ltd. |
||
| 490 | _vVol 1. Romila Thapar | ||
| 546 | _aMACESE | ||
| 942 |
_cTEXL _h954, HIS |
||
| 999 |
_c1393064 _d1393064 |
||